000 00312nam a2200157Ia 4500
100 _aTONY GADDIS
250 _a2
942 _cBK
654 _aC++
245 _aStarting out with C++
260 _bPenram international
_c2000
082 _a5.133
_bGAD
300 _a1164
546 _aENGLISH
999 _c35657
_d35657